000 01513cam a2200421 a 4500
001 20723
003 VRT
005 20260130143001.0
008 240318s1993 xo e 0000f slo
015 _aSNBA1993/09
020 _a8022004561
_q(viaz.)
035 _aSNK000015515
039 9 _a202407181409
_bmsnk167
_c202403181359
_dVLOAD
_c202111211818
_dAUTHORITY
_c202111211759
_dAUTHORITY
040 _aSNK
_bslo
_cSNK
_eAACR2
041 1 _aslo
_heng
044 _axo
_cSK
072 7 _a821.111(73)-3
_xAmerická próza
_2konspekt
080 _a820 (73)-3
_21981
100 1 _aStout, Rex,
_d1886-1975
_4aut
240 1 0 _aNero Wolfe, Fer-de-Lance
_lSlovensky
245 1 0 _aZmija
_bDetektív Nero Wolfe a jeho prvý prípad
_cRex Stout ; prekl. Vladimír Ruppeldt
250 _a1. vyd.
260 _aBratislava
_bSlovenský spisovateľ
_c1993
_eTrnava
_fPolygrafické závody
300 _a218 s.
_c21 cm
490 0 _aZelená knižnica
655 7 _aamerické romány
_2SNKPH
655 7 _adetektívne romány
_2SNKPH
700 1 _aRuppeldt, Vladimír,
_d1953-
_4trl
700 1 _aGrečner, Dušan,
_d1944-2015
_4bjd
830 0 _aZelená knižnica
942 _2ddc
_cKLDO
_n0
949 _6270001000033231
_asvkbbA 84207
_bsvkbbm 579950
949 _617A1010447
_asnkSC 84292
949 _617A0136594
_9P60, <05>, [BOOK], {605}
_asnkSC 84292 D1
949 _6273K0203431
_asvkpoA 160945
_bsvkpo396648
_oPV 120/94
999 _c20723
_d20723